Rugby Union Most Caps as Captain - Statistics

General Stats
  • This quiz has been taken 346 times
    134 since last reset
  • The average score is 5 of 11
Answer Stats
Caps as Captain Country Answer % Correct
110 New Zealand Richie McCaw
98%
84 Ireland/Lions Brian O'Driscoll
76%
71 Italy Sergio Parisse
71%
83 South Africa John Smit
53%
54 Wales/Lions Sam Warburton
50%
59 Australia George Gregan
49%
55 Australia John Eales
35%
59 England Will Carling
34%
51 New Zealand Sean Fitzpatrick
33%
56 France Thierry Dusautoir
27%
48 Argentina Lisandro Arbizu
3%
No matching quizzes found
Score Distribution
Percent of People with Each Score
Percentile by Number Answered
Your Score History
You have not taken this quiz since the last reset